| 000 | 00390nam a2200145 a 4500 | ||
|---|---|---|---|
| 001 | 2633 | ||
| 003 | CDMR | ||
| 005 | 20130116135233.0 | ||
| 008 | 130130s1983||||||||||||||||||||||||||||d | ||
| 040 |
_aCDMR _bcat _cCDMR |
||
| 100 | 1 |
_aLartigue, Jacques-Henri _91970 |
|
| 245 | 1 | 4 |
_aLos grandes fotógrafos _bJ.H. Lartigue _cLARTIGUE, J.H. |
| 260 |
_aEsplugues de Llobregat _c1983 _bOrbis |
||
| 942 | _cMON | ||
| 999 |
_c2633 _d2633 |
||